000 00661nam a22002297a 4500
003 UA-OsUOA
001 81118
007 ta
008 20120118b un ||||| |||| 00| 0 ukr d
090 _a(038)=161.2=161.1
_bУ45
942 _cBK
040 _aUA-OsUOA
_bukr
_cUA-OsUOA
_dUA-OsUOA
245 _aУкраїнсько-російський словник
_cза ред. Ільїна В.С.
300 _a1064 с.
955 _a2
041 _aukr
080 _a(038)=161.2=161.1
260 _aК.
_bНаукова думка
_c1971
250 _nвид. 2-ге, стереотип.
650 7 _a0 Загальний відділ.
_2UDC
999 _c367423
_d367423